عرض عادي
عرض مارك
- Jahren, Per.
مدخل إسم شخص
001 - رقم الضبط
- حقل الضبط: 49676
003 - معرف رقم الضبط
- حقل الضبط: OSt
005 - تاريخ ووقت أخر عملية
- حقل الضبط: 20150728233705.0
008 - عناصر بيانات ثابتة الطول
- حقل تحكم ثابت الطول: 150728|| aca||aabn | a|a d
040 ## - مصدر الفهرسة
- هيئة الفهرسة الأصلية: OSt
- وكالة الكتابة: OSt
100 ## - مدخل -- أسم شخص
- إسم شخص: Jahren, Per.
670 ## - بيانات المصدر موجوده
- الاستشهاد بالمصدر: Work cat.: (OSt)0: Jahren, Per., Concrete and sustainability /, 2014.
